Balmes, conciliador de las fuerzas antirrevolucionarias : discurso pronunciado en Vich, el 9 de julio de 1948 por ... José Larraz López discurso pronunciado en Vich, el 9 de julio de 1948 por ... José Larraz López
Descripción Física:
22 p. ; 25 cm
Materias:
Balmes, Jaume -- Homenatges
MARC
| LEADER | 00000nam a2200000Ia 4500 | ||
|---|---|---|---|
| 001 | 16236 | ||
| 008 | 160829s1948 xx 000 0 cat d | ||
| 080 | |a FU-43-3 | ||
| 100 | |a Larraz López, José |9 43342 | ||
| 245 | |a Balmes, conciliador de las fuerzas antirrevolucionarias : |b discurso pronunciado en Vich, el 9 de julio de 1948 por ... José Larraz López | ||
| 260 | |a [Vich] : |b Ajuntament de Vich, |c 1948 | ||
| 300 | |a 22 p. ; |c 25 cm | ||
| 590 | |a Prové de Q-230, exp. 110 | ||
| 650 | |a Balmes, Jaume |x Homenatges |9 24705 | ||
| 856 | 4 | |u https://media.diba.cat/diba/fitxers/arxiu/fulletons/bib_16236_1948_baixa.pdf |y Accés lliure | |
| 856 | 4 | |u https://media.diba.cat/diba/fitxers/arxiu/fulletons/bib_16236_1948_baixa.pdf |y Accés lliure | |
| 901 | |a Arxiu | ||
| 942 | |n 1 |2 udc | ||
| 952 | |0 0 |1 0 |4 0 |6 FU433 |7 1 |9 51347 |a Arxiu |b Arxiu |d 2016-12-01 |l 0 |o FU-43-3 |p 16236 |r 2016-12-01 00:00:00 |w 2016-12-01 |y ARXIU | ||
| 999 | |c 55191 |d 55191 | ||
| 900 | |a bib_16236_1948_baixa.pdf | ||